[Event "DEM U14w 2024"]
[Site "Willingen GER"]
[Date "2024.05.24"]
[Round "8"]
[White "Chandrasekher, Ritu"]
[Black "Wagner, Cosima Thien-An"]
[Result "1-0"]
[Termination "normal"]
[Board "7"]
[WhiteElo "1633"]
[BlackElo "1773"]
[WhiteClock "00:11:53"]
[BlackClock "00:08:09"]
[PlyCount "151"]
[WhiteFideId "34609024"]
[BlackFideId "34603484"]
[EventCountry "GER"]
[EventRounds "9"]
[EventType "swiss"]
[EventDate "2024.05.18"]

1. e4 {[%clk 01:30:57]} {[%emt 00:00:03]} c5 {[%clk 01:30:58]} {[%emt
00:00:02]} 2. c3 {[%clk 01:31:15]} {[%emt 00:00:11]} g6 {[%clk 01:31:25]}
{[%emt 00:00:03]} 3. d4 {[%clk 01:31:37]} {[%emt 00:00:09]} cxd4 {[%clk
01:31:51]} {[%emt 00:00:04]} 4. cxd4 {[%clk 01:31:57]} {[%emt 00:00:09]} d5
{[%clk 01:32:16]} {[%emt 00:00:05]} 5. e5 {[%clk 01:32:12]} {[%emt 00:00:16]}
Bg7 {[%clk 01:32:22]} {[%emt 00:00:23]} 6. Nc3 {[%clk 01:32:31]} {[%emt
00:00:11]} Nh6 {[%clk 01:32:03]} {[%emt 00:00:49]} 7. h3 {[%clk 01:32:06]}
{[%emt 00:00:55]} O-O {[%clk 01:31:38]} {[%emt 00:00:55]} 8. Nf3 {[%clk
01:32:22]} {[%emt 00:00:13]} Nc6 {[%clk 01:31:44]} {[%emt 00:00:24]} 9. Bb5
{[%clk 01:32:41]} {[%emt 00:00:12]} a6 {[%clk 01:28:04]} {[%emt 00:04:11]} 10.
Bxc6 {[%clk 01:32:49]} {[%emt 00:00:21]} bxc6 {[%clk 01:28:24]} {[%emt
00:00:10]} 11. O-O {[%clk 01:32:46]} {[%emt 00:00:33]} Nf5 {[%clk 01:24:30]}
{[%emt 00:04:24]} 12. Na4 {[%clk 01:30:08]} {[%emt 00:03:08]} f6 {[%clk
01:14:32]} {[%emt 00:10:27]} 13. Re1 {[%clk 01:28:05]} {[%emt 00:02:33]} fxe5
{[%clk 01:09:14]} {[%emt 00:05:49]} 14. Nxe5 {[%clk 01:25:40]} {[%emt
00:02:55]} Qc7 {[%clk 01:07:02]} {[%emt 00:02:40]} 15. Nc5 {[%clk 01:23:08]}
{[%emt 00:03:03]} Rb8 {[%clk 00:59:49]} {[%emt 00:07:44]} 16. b3 {[%clk
01:17:11]} {[%emt 00:06:27]} Rb4 {[%clk 00:51:04]} {[%emt 00:09:15]} 17. Bb2
{[%clk 01:12:47]} {[%emt 00:04:54]} Nd6 {[%emt 00:06:06]} 18. Rc1 {[%clk
00:53:52]} {[%emt 00:19:04]} Rb5 {[%clk 00:40:05]} {[%emt 00:06:11]} 19. a4
{[%clk 00:48:53]} {[%emt 00:05:32]} Rb6 {[%clk 00:39:36]} {[%emt 00:00:58]} 20.
f3 {[%clk 00:42:41]} {[%emt 00:06:42]} Nf7 {[%clk 00:32:34]} {[%emt 00:07:32]}
21. Ncd3 {[%clk 00:38:45]} {[%emt 00:04:26]} Nxe5 {[%clk 00:30:46]} {[%emt
00:02:18]} 22. Nxe5 {[%clk 00:38:56]} {[%emt 00:00:19]} Qb7 {[%clk 00:25:57]}
{[%emt 00:05:17]} 23. Ba3 {[%clk 00:29:15]} {[%emt 00:10:14]} Bf6 {[%clk
00:15:50]} {[%emt 00:10:36]} 24. Rc3 {[%clk 00:25:33]} {[%emt 00:04:12]} Qc7
{[%clk 00:11:37]} {[%emt 00:04:44]} 25. a5 {[%clk 00:19:26]} {[%emt 00:06:37]}
Rb7 {[%clk 00:08:15]} {[%emt 00:03:50]} 26. Nxc6 {[%clk 00:18:13]} {[%emt
00:01:44]} Qf4 {[%clk 00:05:34]} {[%emt 00:03:11]} 27. Bc5 {[%clk 00:14:15]}
{[%emt 00:04:28]} Bxh3 {[%clk 00:03:25]} {[%emt 00:02:40]} 28. gxh3 {[%clk
00:07:56]} {[%emt 00:06:49]} Qg3+ {[%clk 00:03:50]} {[%emt 00:00:05]} 29. Kf1
{[%clk 00:07:54]} {[%emt 00:00:31]} Qxh3+ {[%clk 00:03:54]} {[%emt 00:00:26]}
30. Ke2 {[%clk 00:07:23]} {[%emt 00:01:00]} Bh4 {[%clk 00:02:02]} {[%emt
00:02:22]} 31. Rf1 {[%clk 00:06:22]} {[%emt 00:01:31]} Qe6+ {[%clk 00:01:21]}
{[%emt 00:01:13]} 32. Ne5 {[%clk 00:05:49]} {[%emt 00:01:02]} Rb5 {[%clk
00:00:56]} {[%emt 00:00:56]} 33. b4 {[%clk 00:04:50]} {[%emt 00:01:28]} Bg3
{[%clk 00:01:17]} {[%emt 00:00:09]} 34. Kd3 {[%clk 00:03:44]} {[%emt 00:01:36]}
Qf5+ {[%clk 00:01:21]} {[%emt 00:00:26]} 35. Ke2 {[%clk 00:02:27]} {[%emt
00:01:47]} Bxe5 {[%clk 00:01:03]} {[%emt 00:00:50]} 36. dxe5 {[%clk 00:02:50]}
{[%emt 00:00:06]} Qxe5+ {[%clk 00:01:16]} {[%emt 00:00:18]} 37. Re3 {[%clk
00:02:57]} {[%emt 00:00:21]} Qb2+ {[%clk 00:00:55]} {[%emt 00:00:48]} 38. Qd2
{[%clk 00:02:52]} {[%emt 00:00:39]} Qxd2+ {[%clk 00:00:46]} {[%emt 00:00:39]}
39. Kxd2 {[%clk 00:03:12]} {[%emt 00:00:10]} Rf7 {[%clk 00:00:41]} {[%emt
00:00:34]} 40. Rxe7 {[%clk 00:02:15]} {[%emt 00:01:27]} Rxe7 {[%emt 00:00:32]}
41. Bxe7 {[%clk 00:02:33]} {[%emt 00:00:12]} Kf7 {[%clk 00:29:18]} {[%emt
00:01:51]} 42. Bc5 {[%clk 00:31:46]} {[%emt 00:01:17]} Rb7 {[%clk 00:29:11]}
{[%emt 00:00:37]} 43. Kd3 {[%clk 00:31:21]} {[%emt 00:00:55]} Kf6 {[%clk
00:28:35]} {[%emt 00:01:06]} 44. Ke3 {[%clk 00:27:35]} {[%emt 00:04:16]} Ke5
{[%clk 00:26:26]} {[%emt 00:02:39]} 45. f4+ {[%clk 00:25:39]} {[%emt 00:02:27]}
Kf5 {[%clk 00:25:43]} {[%emt 00:01:11]} 46. Rd1 {[%clk 00:24:01]} {[%emt
00:02:09]} Ke6 {[%clk 00:25:27]} {[%emt 00:00:44]} 47. Kf3 {[%clk 00:23:14]}
{[%emt 00:01:20]} h5 {[%clk 00:24:56]} {[%emt 00:01:00]} 48. Kg3 {[%clk
00:22:28]} {[%emt 00:01:16]} Rh7 {[%clk 00:24:29]} {[%emt 00:00:49]} 49. Kh4
{[%clk 00:20:36]} {[%emt 00:02:30]} Kf5 {[%clk 00:22:28]} {[%emt 00:02:32]} 50.
Rd4 {[%clk 00:20:04]} {[%emt 00:01:02]} Rd7 {[%clk 00:21:39]} {[%emt 00:01:17]}
51. Bf8 {[%clk 00:17:01]} {[%emt 00:03:34]} Rh7 {[%clk 00:21:29]} {[%emt
00:00:41]} 52. Bd6 {[%clk 00:16:34]} {[%emt 00:00:56]} Rd7 {[%clk 00:17:10]}
{[%emt 00:04:50]} 53. Be5 {[%clk 00:14:56]} {[%emt 00:02:08]} Rd8 {[%clk
00:16:05]} {[%emt 00:01:35]} 54. Bg7 {[%clk 00:13:47]} {[%emt 00:01:38]} Rd7
{[%clk 00:11:44]} {[%emt 00:04:51]} 55. Bh6 {[%clk 00:13:25]} {[%emt 00:00:53]}
Rd8 {[%clk 00:11:57]} {[%emt 00:00:15]} 56. Bg5 {[%clk 00:13:05]} {[%emt
00:00:51]} Rd6 {[%clk 00:12:02]} {[%emt 00:00:21]} 57. Kg3 {[%clk 00:13:13]}
{[%emt 00:00:27]} Rd7 {[%clk 00:12:01]} {[%emt 00:00:29]} 58. Kf3 {[%clk
00:13:09]} {[%emt 00:00:36]} Rd6 {[%clk 00:11:11]} {[%emt 00:01:19]} 59. Rd2
{[%clk 00:12:20]} {[%emt 00:01:20]} Ke6 {[%clk 00:10:42]} {[%emt 00:00:58]} 60.
Re2+ {[%clk 00:11:00]} {[%emt 00:01:51]} Kd7 {[%clk 00:10:47]} {[%emt
00:00:25]} 61. Ke3 {[%clk 00:10:40]} {[%emt 00:00:51]} Kc6 {[%clk 00:10:22]}
{[%emt 00:00:54]} 62. Kd4 {[%clk 00:09:28]} {[%emt 00:01:42]} Kb5 {[%clk
00:06:24]} {[%emt 00:04:25]} 63. Re5 {[%clk 00:09:18]} {[%emt 00:00:42]} Kc6
{[%clk 00:05:53]} {[%emt 00:01:02]} 64. Bh4 {[%clk 00:09:27]} {[%emt 00:00:21]}
Kb5 {[%clk 00:04:41]} {[%emt 00:01:42]} 65. Rxd5+ {[%clk 00:09:07]} {[%emt
00:00:49]} Rxd5+ {[%clk 00:05:07]} {[%emt 00:00:05]} 66. Kxd5 {[%clk 00:09:31]}
{[%emt 00:00:07]} Kxb4 {[%clk 00:05:32]} {[%emt 00:00:04]} 67. Bd8 {[%clk
00:09:47]} {[%emt 00:00:14]} h4 {[%clk 00:05:40]} {[%emt 00:00:23]} 68. Bxh4
{[%clk 00:10:03]} {[%emt 00:00:13]} Kxa5 {[%clk 00:06:06]} {[%emt 00:00:04]}
69. Ke6 {[%clk 00:09:38]} {[%emt 00:00:55]} Kb4 {[%clk 00:06:16]} {[%emt
00:00:19]} 70. Kf6 {[%clk 00:09:47]} {[%emt 00:00:22]} a5 {[%clk 00:06:27]}
{[%emt 00:00:19]} 71. Be1+ {[%emt 00:00:19]} Kb5 {[%clk 00:06:38]} {[%emt
00:00:06]} 72. Bxa5 {[%clk 00:10:35]} {[%emt 00:00:06]} Kxa5 {[%clk 00:07:04]}
{[%emt 00:00:04]} 73. Kxg6 {[%clk 00:10:56]} {[%emt 00:00:09]} Kb6 {[%clk
00:07:26]} {[%emt 00:00:09]} 74. f5 {[%clk 00:11:12]} {[%emt 00:00:13]} Kc7
{[%clk 00:07:44]} {[%emt 00:00:12]} 75. f6 {[%clk 00:11:36]} {[%emt 00:00:07]}
Kd7 {[%clk 00:08:09]} {[%emt 00:00:04]} 76. Kg7 {[%clk 00:11:53]} {[%emt
00:00:13]} 1-0

[Event "DEM U14w 2024"]
[Site "Willingen GER"]
[Date "2024.05.24"]
[Round "8"]
[White "Färber, Anna"]
[Black "Prokscha, Charlotte"]
[Result "1-0"]
[Termination "normal"]
[Board "8"]
[WhiteElo "1661"]
[BlackElo "1666"]
[WhiteClock "00:18:20"]
[BlackClock "00:27:20"]
[PlyCount "107"]
[WhiteFideId "34633480"]
[BlackFideId "34614699"]
[EventCountry "GER"]
[EventRounds "9"]
[EventType "swiss"]
[EventDate "2024.05.18"]

1. e4 {[%clk 01:30:56]} {[%emt 00:00:04]} c5 {[%clk 01:30:47]} {[%emt
00:00:12]} 2. c3 {[%clk 01:31:19]} {[%emt 00:00:07]} d5 {[%clk 01:30:55]}
{[%emt 00:00:23]} 3. exd5 {[%clk 01:31:42]} {[%emt 00:00:07]} Qxd5 {[%clk
01:31:13]} {[%emt 00:00:11]} 4. d4 {[%clk 01:32:04]} {[%emt 00:00:08]} Nf6
{[%clk 01:31:11]} {[%emt 00:00:32]} 5. Nf3 {[%clk 01:32:16]} {[%emt 00:00:19]}
e6 {[%clk 01:30:35]} {[%emt 00:01:06]} 6. Na3 {[%clk 01:31:05]} {[%emt
00:01:40]} a6 {[%clk 01:29:38]} {[%emt 00:01:27]} 7. Nc4 {[%clk 01:25:26]}
{[%emt 00:06:09]} Nbd7 {[%clk 01:28:54]} {[%emt 00:01:14]} 8. Bf4 {[%clk
01:23:38]} {[%emt 00:02:18]} Be7 {[%clk 01:26:18]} {[%emt 00:03:06]} 9. dxc5
{[%clk 01:18:31]} {[%emt 00:05:37]} Qxd1+ {[%clk 01:17:44]} {[%emt 00:09:05]}
10. Rxd1 {[%clk 01:18:51]} {[%emt 00:00:10]} Bxc5 {[%clk 01:17:33]} {[%emt
00:00:41]} 11. Nd6+ {[%clk 01:14:16]} {[%emt 00:05:04]} Bxd6 {[%clk 01:15:34]}
{[%emt 00:02:29]} 12. Bxd6 {[%clk 01:13:23]} {[%emt 00:01:24]} Ne4 {[%clk
01:15:45]} {[%emt 00:00:17]} 13. Ba3 {[%clk 01:05:22]} {[%emt 00:08:33]} Nec5
{[%clk 01:13:58]} {[%emt 00:02:16]} 14. Ne5 {[%clk 00:59:02]} {[%emt 00:06:51]}
Rb8 {[%clk 01:00:56]} {[%emt 00:13:31]} 15. Nxd7 {[%clk 00:54:41]} {[%emt
00:04:51]} Nxd7 {[%clk 00:59:56]} {[%emt 00:01:30]} 16. Bd6 {[%clk 00:54:39]}
{[%emt 00:00:32]} Ra8 {[%clk 01:00:07]} {[%emt 00:00:19]} 17. Be2 {[%clk
00:53:34]} {[%emt 00:01:34]} b5 {[%clk 00:55:04]} {[%emt 00:05:34]} 18. Bf3
{[%clk 00:50:07]} {[%emt 00:03:57]} Ra7 {[%clk 00:54:34]} {[%emt 00:01:00]} 19.
Bc6 {[%clk 00:49:59]} {[%emt 00:00:38]} a5 {[%clk 00:51:05]} {[%emt 00:03:59]}
20. b3 {[%clk 00:45:25]} {[%emt 00:05:03]} b4 {[%clk 00:48:14]} {[%emt
00:03:22]} 21. c4 {[%clk 00:44:55]} {[%emt 00:01:00]} f6 {[%clk 00:46:28]}
{[%emt 00:02:15]} 22. Bc5 {[%clk 00:40:20]} {[%emt 00:05:05]} Rc7 {[%clk
00:43:22]} {[%emt 00:03:36]} 23. Bxd7+ {[%clk 00:40:44]} {[%emt 00:00:06]} Bxd7
{[%clk 00:43:34]} {[%emt 00:00:18]} 24. Bb6 {[%clk 00:40:09]} {[%emt 00:01:05]}
Rc6 {[%clk 00:43:52]} {[%emt 00:00:12]} 25. Bxa5 {[%clk 00:39:47]} {[%emt
00:00:52]} Ra6 {[%clk 00:44:13]} {[%emt 00:00:09]} 26. Bxb4 {[%clk 00:40:10]}
{[%emt 00:00:07]} Rxa2 {[%clk 00:44:35]} {[%emt 00:00:09]} 27. O-O {[%clk
00:39:58]} {[%emt 00:00:42]} Rb2 {[%clk 00:44:11]} {[%emt 00:00:53]} 28. Ra1
{[%clk 00:35:20]} {[%emt 00:05:08]} Bc6 {[%clk 00:42:06]} {[%emt 00:02:35]} 29.
Rab1 {[%clk 00:32:49]} {[%emt 00:03:02]} Rxb1 {[%clk 00:41:02]} {[%emt
00:01:34]} 30. Rxb1 {[%clk 00:33:16]} {[%emt 00:00:03]} Kf7 {[%clk 00:41:07]}
{[%emt 00:00:23]} 31. f3 {[%clk 00:32:13]} {[%emt 00:01:34]} e5 {[%clk
00:36:46]} {[%emt 00:04:51]} 32. Kf2 {[%clk 00:31:48]} {[%emt 00:00:55]} Ra8
{[%clk 00:36:44]} {[%emt 00:00:29]} 33. Rb2 {[%clk 00:31:41]} {[%emt 00:00:41]}
Kg6 {[%clk 00:36:09]} {[%emt 00:01:02]} 34. Bd2 {[%clk 00:30:20]} {[%emt
00:01:53]} Be8 {[%clk 00:35:42]} {[%emt 00:00:51]} 35. Ke3 {[%clk 00:28:18]}
{[%emt 00:02:38]} Rb8 {[%clk 00:35:07]} {[%emt 00:01:06]} 36. b4 {[%clk
00:27:16]} {[%emt 00:01:32]} Rc8 {[%clk 00:34:45]} {[%emt 00:00:50]} 37. Kd3
{[%clk 00:26:23]} {[%emt 00:01:24]} f5 {[%clk 00:34:39]} {[%emt 00:00:35]} 38.
b5 {[%clk 00:24:15]} {[%emt 00:02:39]} Rb8 {[%clk 00:33:50]} {[%emt 00:01:19]}
39. Bc3 {[%clk 00:23:34]} {[%emt 00:01:11]} Rd8+ {[%clk 00:32:41]} {[%emt
00:01:39]} 40. Ke3 {[%clk 00:23:10]} {[%emt 00:00:53]} Rb8 {[%clk 00:30:39]}
{[%emt 00:02:33]} 41. Bxe5 {[%clk 00:22:42]} {[%emt 00:00:59]} Rb7 {[%clk
00:30:59]} {[%emt 00:00:08]} 42. Kd3 {[%clk 00:21:28]} {[%emt 00:01:41]} Kf7
{[%clk 00:31:12]} {[%emt 00:00:21]} 43. Bd4 {[%clk 00:20:58]} {[%emt 00:01:01]}
g6 {[%clk 00:29:41]} {[%emt 00:02:00]} 44. Kc3 {[%clk 00:19:21]} {[%emt
00:02:05]} h6 {[%clk 00:27:37]} {[%emt 00:02:36]} 45. Kb4 {[%clk 00:18:56]}
{[%emt 00:00:54]} g5 {[%clk 00:27:05]} {[%emt 00:01:03]} 46. Ra2 {[%clk
00:18:37]} {[%emt 00:00:49]} Ke6 {[%clk 00:26:47]} {[%emt 00:00:46]} 47. Ra6+
{[%clk 00:18:43]} {[%emt 00:00:25]} Kd7 {[%clk 00:26:43]} {[%emt 00:00:34]} 48.
Rxh6 {[%clk 00:18:54]} {[%emt 00:00:20]} Kc8 {[%clk 00:27:00]} {[%emt
00:00:11]} 49. Rh8 {[%clk 00:18:07]} {[%emt 00:01:19]} Kd7 {[%clk 00:27:08]}
{[%emt 00:00:22]} 50. Rg8 {[%clk 00:18:00]} {[%emt 00:00:35]} g4 {[%clk
00:27:10]} {[%emt 00:00:30]} 51. fxg4 {[%clk 00:18:22]} {[%emt 00:00:08]} fxg4
{[%clk 00:26:53]} {[%emt 00:00:47]} 52. Rxg4 {[%clk 00:18:47]} {[%emt
00:00:05]} Ke6 {[%clk 00:27:03]} {[%emt 00:00:18]} 53. Re4+ {[%clk 00:18:40]}
{[%emt 00:00:39]} Kf7 {[%clk 00:27:20]} {[%emt 00:00:13]} 54. h4 {[%clk
00:18:20]} {[%emt 00:00:49]} 1-0

[Event "DEM U14w 2024"]
[Site "Willingen GER"]
[Date "2024.05.24"]
[Round "8"]
[White "Dedic, Sajra"]
[Black "Gold, Finnja"]
[Result "0-1"]
[Termination "normal"]
[Board "9"]
[WhiteElo "1555"]
[BlackElo "1484"]
[WhiteClock "00:03:10"]
[BlackClock "01:14:53"]
[PlyCount "138"]
[WhiteFideId "14422794"]
[BlackFideId "34660453"]
[EventCountry "GER"]
[EventRounds "9"]
[EventType "swiss"]
[EventDate "2024.05.18"]

1. d4 {[%clk 01:30:59]} Nf6 {[%clk 01:30:50]} {[%emt 00:00:10]} 2. Bg5 {[%clk
01:31:24]} {[%emt 00:00:04]} e6 {[%clk 01:31:08]} {[%emt 00:00:13]} 3. e4
{[%clk 01:31:48]} {[%emt 00:00:07]} Be7 {[%clk 01:31:24]} {[%emt 00:00:13]} 4.
e5 {[%clk 01:30:49]} {[%emt 00:01:29]} Nd5 {[%clk 01:31:09]} {[%emt 00:00:44]}
5. Bxe7 {[%clk 01:30:45]} {[%emt 00:00:35]} Qxe7 {[%clk 01:31:20]} {[%emt
00:00:19]} 6. Nd2 {[%clk 01:24:42]} {[%emt 00:06:34]} d6 {[%clk 01:29:04]}
{[%emt 00:02:46]} 7. Ngf3 {[%clk 01:23:46]} {[%emt 00:01:25]} dxe5 {[%clk
01:28:14]} {[%emt 00:01:20]} 8. Nxe5 {[%clk 01:23:56]} {[%emt 00:00:20]} Nd7
{[%clk 01:26:10]} {[%emt 00:02:29]} 9. Nxd7 {[%clk 01:01:35]} {[%emt 00:22:57]}
Bxd7 {[%clk 01:26:26]} {[%emt 00:00:14]} 10. c4 {[%clk 00:42:40]} {[%emt
00:19:24]} Nf6 {[%clk 01:25:08]} {[%emt 00:01:48]} 11. Bd3 {[%clk 00:41:25]}
{[%emt 00:01:45]} c5 {[%clk 01:23:53]} {[%emt 00:01:43]} 12. dxc5 {[%clk
00:36:12]} {[%emt 00:05:46]} Qxc5 {[%clk 01:23:58]} {[%emt 00:00:25]} 13. O-O
{[%clk 00:34:59]} {[%emt 00:01:42]} Qd4 {[%clk 01:22:29]} {[%emt 00:01:54]} 14.
Qc2 {[%clk 00:31:02]} {[%emt 00:04:31]} O-O {[%clk 01:21:41]} {[%emt 00:01:19]}
15. Ne4 {[%clk 00:29:08]} {[%emt 00:02:24]} h6 {[%clk 01:15:42]} {[%emt
00:06:29]} 16. Nxf6+ {[%clk 00:26:20]} {[%emt 00:03:18]} Qxf6 {[%clk 01:14:08]}
{[%emt 00:02:04]} 17. Be4 {[%clk 00:26:36]} {[%emt 00:00:13]} Rab8 {[%clk
01:14:12]} {[%emt 00:00:27]} 18. Rad1 {[%clk 00:26:33]} {[%emt 00:00:32]} Rfd8
{[%clk 01:13:39]} {[%emt 00:01:02]} 19. Qb3 {[%clk 00:22:56]} {[%emt 00:04:09]}
b6 {[%clk 01:13:45]} {[%emt 00:00:25]} 20. Qg3 {[%clk 00:21:06]} {[%emt
00:02:19]} Be8 {[%emt 00:13:07]} 21. Qa3 {[%clk 00:11:41]} {[%emt 00:01:02]} a5
{[%clk 01:09:00]} {[%emt 00:01:31]} 22. h3 {[%clk 00:10:40]} {[%emt 00:01:30]}
Qh4 {[%clk 01:08:07]} {[%emt 00:01:22]} 23. Qf3 {[%clk 00:04:50]} {[%emt
00:06:21]} Qe7 {[%clk 01:07:52]} {[%emt 00:00:45]} 24. Rxd8 {[%clk 00:01:56]}
{[%emt 00:03:25]} Rxd8 {[%clk 01:07:20]} {[%emt 00:01:01]} 25. Rd1 {[%clk
00:02:01]} {[%emt 00:00:26]} Qc7 {[%clk 01:05:09]} {[%emt 00:02:42]} 26. b3
{[%clk 00:02:00]} {[%emt 00:00:30]} Rd6 {[%clk 01:04:07]} {[%emt 00:01:29]} 27.
Rxd6 {[%clk 00:01:12]} {[%emt 00:01:20]} Qxd6 {[%clk 01:04:30]} {[%emt
00:00:07]} 28. Qd3 {[%clk 00:01:18]} {[%emt 00:00:24]} Qxd3 {[%clk 01:04:46]}
{[%emt 00:00:15]} 29. Bxd3 {[%clk 00:01:43]} {[%emt 00:00:04]} Kf8 {[%clk
01:04:47]} {[%emt 00:00:29]} 30. Be4 {[%clk 00:01:27]} {[%emt 00:00:46]} f5
{[%clk 01:04:56]} {[%emt 00:00:22]} 31. Bf3 {[%clk 00:01:35]} {[%emt 00:00:21]}
Bg6 {[%clk 01:04:51]} {[%emt 00:00:36]} 32. g3 {[%clk 00:01:30]} {[%emt
00:00:35]} e5 {[%clk 01:05:00]} {[%emt 00:00:20]} 33. Bd5 {[%clk 00:01:28]}
{[%emt 00:00:32]} f4 {[%clk 01:04:21]} {[%emt 00:01:10]} 34. gxf4 {[%clk
00:01:44]} {[%emt 00:00:14]} exf4 {[%clk 01:04:38]} {[%emt 00:00:13]} 35. Kg2
{[%clk 00:01:25]} {[%emt 00:00:49]} Bb1 {[%clk 01:04:48]} {[%emt 00:00:20]} 36.
a3 {[%clk 00:01:41]} {[%emt 00:00:13]} Ba2 {[%clk 01:03:23]} {[%emt 00:00:14]}
37. b4 {[%clk 00:00:52]} {[%emt 00:03:01]} axb4 {[%clk 01:03:47]} {[%emt
00:00:06]} 38. axb4 {[%clk 00:01:18]} {[%emt 00:00:04]} b5 {[%clk 01:04:05]}
{[%emt 00:00:12]} 39. Be4 {[%clk 00:00:54]} {[%emt 00:00:54]} Bxc4 {[%clk
01:04:07]} {[%emt 00:00:28]} 40. Kf3 {[%clk 00:00:43]} {[%emt 00:00:41]} g5
{[%clk 01:03:49]} {[%emt 00:00:47]} 41. h4 {[%clk 00:23:25]} {[%emt 00:07:48]}
Ke7 {[%clk 01:32:39]} {[%emt 00:01:40]} 42. Kg4 {[%clk 00:20:19]} {[%emt
00:03:37]} Kf6 {[%clk 01:32:21]} {[%emt 00:00:47]} 43. Kh5 {[%clk 00:17:30]}
{[%emt 00:03:19]} Bf1 {[%clk 01:31:40]} {[%emt 00:01:12]} 44. Bc6 {[%clk
00:16:25]} {[%emt 00:01:35]} Be2+ {[%clk 01:18:05]} {[%emt 00:14:05]} 45. Kxh6
{[%clk 00:13:26]} {[%emt 00:03:29]} gxh4 {[%clk 01:18:04]} {[%emt 00:00:31]}
46. Bg2 {[%clk 00:11:32]} {[%emt 00:02:24]} Bg4 {[%clk 01:17:33]} {[%emt
00:01:01]} 47. f3 {[%clk 00:06:14]} {[%emt 00:05:47]} h3 {[%clk 01:15:43]}
{[%emt 00:02:21]} 48. Bh1 {[%clk 00:06:00]} {[%emt 00:00:43]} Be6 {[%clk
01:14:31]} {[%emt 00:01:42]} 49. Kh5 {[%clk 00:05:44]} {[%emt 00:00:46]} Bc4
{[%clk 01:10:53]} {[%emt 00:04:08]} 50. Kg4 {[%clk 00:05:26]} {[%emt 00:00:49]}
Bf1 {[%clk 01:10:40]} {[%emt 00:00:42]} 51. Kxf4 {[%clk 00:04:17]} {[%emt
00:01:39]} Bg2 {[%clk 01:11:03]} {[%emt 00:00:07]} 52. Kg3 {[%clk 00:04:14]}
Bxh1 {[%clk 01:11:27]} {[%emt 00:00:40]} 53. Kxh3 {[%clk 00:04:37]} {[%emt
00:00:07]} Bxf3 {[%clk 01:11:50]} {[%emt 00:00:07]} 54. Kg3 {[%clk 00:04:58]}
Be2 {[%clk 01:11:27]} {[%emt 00:01:02]} 55. Kf4 {[%clk 00:04:02]} {[%emt
00:01:25]} Bc4 {[%clk 01:11:38]} {[%emt 00:00:20]} 56. Ke4 {[%clk 00:03:48]}
{[%emt 00:00:44]} Kg5 {[%clk 01:12:00]} {[%emt 00:00:08]} 57. Kd4 {[%clk
00:03:50]} {[%emt 00:00:27]} Kf4 {[%clk 01:12:14]} {[%emt 00:00:16]} 58. Kc3
{[%clk 00:04:04]} Ke3 {[%clk 01:12:14]} 59. Kb2 {[%clk 00:04:04]} Kd3 {[%clk
01:12:14]} 60. Ka3 {[%clk 00:04:04]} Bd5 {[%clk 01:12:14]} 61. Kb2 {[%clk
00:04:04]} Kc4 {[%clk 01:12:14]} 62. Ka3 {[%clk 00:04:04]} Bc6 {[%clk
01:12:14]} 63. Kb2 {[%clk 00:04:04]} Kxb4 {[%clk 01:13:41]} {[%emt 00:03:48]}
64. Ka2 {[%clk 00:04:36]} {[%emt 00:00:29]} Ka4 {[%clk 01:13:54]} {[%emt
00:00:17]} 65. Kb2 {[%clk 00:02:57]} {[%emt 00:02:10]} b4 {[%clk 01:14:10]}
{[%emt 00:00:13]} 66. Ka2 {[%clk 00:02:57]} {[%emt 00:00:30]} b3+ {[%clk
01:14:35]} {[%emt 00:00:06]} 67. Kb1 {[%clk 00:02:59]} {[%emt 00:00:28]} Ka3
{[%clk 01:14:53]} 68. Ka1 {[%clk 00:02:59]} b2+ {[%clk 01:14:53]} 69. Kb1
{[%clk 00:03:10]} Be4# {[%clk 01:14:53]} 0-1